000 00664nam a22002417a 4500
003 OSt
005 20140310181939.0
008 121127t xxu||||| |||| 00| 0 eng d
020 _a0553210793
050 _aPS 1305
_b.T969 1981
082 _aCLA
_bT91a 1981
100 _aMark Twain.
_92913
245 _aThe Adventures of Huckleberry Finn /
_cMark Twain.
260 _aNew York :
_bBantam Books,
_cc1981.
300 _g292 p. ;
_b18 cm.
521 _a
541 _j1
562 _e1
650 _aMississippi River
_xFiction.
_93561
650 _aSlavery
_xFiction.
_93562
650 _aVoyages & travels
_xFiction.
_93563
942 _2lcc
_cBBK
_kCLA
999 _c7613
_d7613